Open golf champions - sudden death - Statistics

General Stats
  • This quiz has been taken 237 times
  • The average score is 11 of 33
Answers on the Grid
Answers color-coded by a green-red scale on the quiz's grid according to % correct below.
Jack Nicklaus
J.H. Taylor
Doug Sanders
Raymond Floyd
Seve Ballesteros
Johnny Miller
Chip Beck
James Braid
Bob Charles
Hubert Green
Nick Faldo
Arnaud Massy
Tom Watson
Butch Driver
Fuzzy Zoeller
Jason Dufner
Ian Baker-Finch
Lee Trevino
Outov Bountz
Arnold Palmer
Sandy Lie
Shanky Irons
Peter Thomson
Forover Parr
Tiger Woods
John Daly
Willie Park
Samuel Ryder
Hoelin Won
Old Tom Morris
John Ball
Harry Vardon
Fred Couples
Byron Nelson
Walter Hagen
Bobby Jones
Sergio Garcia
Collin Morikawa
Pádraig Harrington
Bernhard Langer
Gene Sarazen
Sam Snead
Jimmy Demaret
Xander Schauffele
Bobby Locke
Laurie Auchterlonie
José María Olazábal
Gary Player
T.J. Hooker
Gracey Divotte
Keegan Bradley
Rory McIlroy
Ian Woosnam
Nick Price
Henry Picard
Larry Nelson
Cink A. Putt
Brian Harman
Young Tom Morris
Ben Hogan
 
Answer Stats
Answer % Correct
Jack Nicklaus
90%
Tiger Woods
64%
Nick Faldo
60%
Tom Watson
59%
Seve Ballesteros
55%
Arnold Palmer
54%
Rory McIlroy
47%
John Daly
45%
Lee Trevino
44%
Gary Player
38%
Collin Morikawa
37%
Brian Harman
36%
Xander Schauffele
35%
Ben Hogan
34%
Ian Baker-Finch
34%
Pádraig Harrington
34%
Old Tom Morris
33%
Young Tom Morris
28%
Peter Thomson
27%
Bobby Jones
24%
Johnny Miller
23%
Nick Price
21%
Harry Vardon
20%
Walter Hagen
20%
Bobby Locke
19%
Bob Charles
16%
James Braid
16%
Sam Snead
16%
Gene Sarazen
13%
J.H. Taylor
11%
Willie Park
11%
Arnaud Massy
5%
John Ball
2%
No matching quizzes found
Score Distribution
Percent of People with Each Score
Percentile by Number Answered
Your Score History
You have not taken this quiz